Premier League Appearances by Nationality: Ukraine - Statistics

General Stats
  • This quiz has been taken 16 times
  • The average score is 5 of 10
Answer Stats
Appearances Player % Correct
48 Andriy Shevchenko
92%
150 Oleksandr Zinchenko
85%
66 Andriy Yarmolenko
77%
53 Mykhailo Mudryk
62%
130 Vitalii Mykolenko
54%
78 Illia Zabarnyi
38%
27 Andrey Voronin
23%
59 Serhiy Rebrov
23%
81 Oleg Luzhny
15%
82 Yehor Yarmoliuk
8%
No matching quizzes found
Score Distribution
Percent of People with Each Score
Percentile by Number Answered
Your Score History
You have not taken this quiz